Statistiques concernant Devine le slogan publicitaire

Cliquez ici pour prendre le quiz!

Statistiques générales

  • Ce quiz a été pris 728 fois
  • Le résultat moyen est 26 sur 50

Statistiques - réponses

SloganMarque% Correct
C'est beau la vie, pour les grands et les petitsHaribo
88%
La boisson qui vous donne des aiiiilesRed Bull
88%
____ répare, ______ remplaceCarglass
87%
Just do itNike
87%
Have a break, have a ____Kit Kat
86%
En avant les histoires !Playmobil
86%
Caprice à deux, ________Caprice des Dieux
85%
Tous unis contre la vie chèreIntermarché
82%
Les nouveaux commerçants !U
81%
La mode à petits prixKiabi
80%
What else ?Nespresso
79%
On se lève tous pour ____Danette
74%
La patte de l'expertFeu vert
74%
Quand c'est trop, c'est ______Tropico
72%
C'est fort en chocolatChocapic
71%
A fond la formeDecathlon
71%
Parce que vous le valez bienL'Oréal
69%
Le lave-linge dure plus longtemps avec ____Calgon
65%
La perfection au masculinGilette
65%
Les opticiensAtol
64%
Au bon lait de brebisSalakis
61%
Quand y'en a marre, y'a ______ !Malabar
60%
Et ça repart !Mars
60%
Le bon saucisson comme on l'aime chez nousCochonou
57%
________ y'en a pas deuxLapeyre
56%
Par amour du goûtAmora
49%
Il a ___ il a tout comprisFree
48%
Il se décarcasse et ça change toutDucros
44%
J'optimisme !Carrefour
43%
Et vos envies prennent vie !Leroy Merlin
41%
Think differentApple
40%
On parie que vous allez gagnerPMU
40%
L'essentiel est dans _____Lactel
39%
I'm lovin'itMc Donald's
39%
Le goût des choses simplesHerta
36%
Nous c'est le goûtQuick
34%
Le tigre est en toiFrosties
32%
Au cœur de la beautéSephora
30%
Pardon, mais c'est trop bonChaussée aux moines
26%
Le poids des mots, le choc des photosParis Match
24%
Tu peux être tout ce que tu veuxBarbie
23%
Ne pariez jamais que vous n'en mangerez qu'unGranola
21%
Des copains et du goûtJustin Bridou
21%
Aimer, dormir & jouerPampers
16%
Elle est pas belle la vie ?Fleury Michon
13%
________ réveille notre enthousiasmeNutella
13%
Manger devrait toujours être un plaisirBurger King
11%
Une nature à croquerPink Lady
10%
Les ______ _______ ça vous va bienPruneaux d'Agen
9%
C'est bon d'avoir les boulesKnacky Ball
4%

Distribution des résultats

Percentile par nombre de réponses

% des personnes avec chaque résultat

Votre développement - résultats

Vous n’avez pas pris ce quiz